Gares de la Gironde - Statistiques

Statistiques générales
  • Ce quiz a été pris 195 fois
    116 depuis la dernière actualisation
  • Le résultat moyen est 34 sur 67
Statistiques - réponses
Nombre de voyageurs Gares % Correct
22 612 374 Bordeaux Saint Jean
92%
1 784 433 Libourne
90%
1 256 111 Arcachon
83%
1 150 020 Pessac
83%
949 066 Cenon
76%
51 657 Bègles
75%
428 616 Coutras
75%
407 005 La Teste
73%
924 219 Langon
71%
51 052 Caudéran Mérignac
69%
96 885 Mérignac Arlac
69%
413 667 Gazinet - Cestas
66%
11 083 Villenave d'Ornon
66%
133 915 Blanquefort
63%
456 628 Gujan Mestras
63%
128 930 Lesparre
63%
309 824 Le Teich
63%
568 206 Marcheprime
61%
1 189 744 Biganos Facture
59%
690 394 Saint André de Cubzac
59%
293 048 La Réole
58%
16 700 Le Verdon
58%
158 142 Saint Emilion
56%
379 553 Beautiran
54%
66 764 Bassens
53%
73 683 Vayres
53%
176 379 La Hume
51%
67 598 Macau
51%
2 435 Pointe de Grave
51%
61 960 Sainte Eulalie - Carbon Blanc
51%
87 572 Parempuyre
49%
73 908 Soulac sur Mer
49%
27 546 Bruges
47%
230 206 Saint Mariens - Saint Yzan
47%
430 947 Cérons
46%
162 524 La Gorp
46%
32 649 Saint Denis de Pile
44%
158 784 Saint Loubès
44%
133 794 Saint Sulpice - Izon
44%
72 288 Ludon
42%
47 658 Arbanats
41%
66 894 Cadaujac
41%
19 820 Cubzac les Ponts
41%
62 428 Margaux
41%
99 782 Podensac
41%
92 078 Saint Médard d'Eyrans
41%
203 032 Castillon la Bataille
39%
100 429 Pauillac
39%
17 365 Saint Macaire
39%
67 583 Saint Médard de Guizières
39%
418 538 Alouette France
37%
70 044 Gauriaguet
37%
7 027 Gironde
37%
138 864 Saint Seurin sur l'Isle
37%
30 196 La Grave d'Ambarès
36%
137 512 Portets
36%
229 625 Saint Foy la Grande
36%
57 877 Aubie - Saint Antoine
34%
9 488 Le Bouscat Sainte Germaine
34%
11 150 Caudrot
32%
15 481 Barsac
31%
24 938 Les Eglisottes
31%
6 662 Preignac
31%
81 007 Cavignac
29%
45 667 Moulis - Listrac
29%
12 813 Saint Pierre d'Aurillac
29%
2 115 Lamothe Landerron
24%
Aucun quiz correspondant
Distribution des résultats
% des personnes avec chaque résultat
Percentile par nombre de réponses
Votre historique - résultats
Vous n’avez pas pris ce quiz depuis la dernière actualisation